000 00580nam a2200229Ia 4500
003 OSt
005 20221005131045.0
006 a|||||r|||| 00| 0
007 ta
008 221004b |||||||| |||| 00| 0 eng d
024 _a41047
037 _cTextual
040 _aCRL
_cCRL
_beng
041 _2eng
_aeng
082 _aO:1M09x, K0
100 _aTennyson Alfred
_952883
245 0 _aSelected poems ed by Edmund Blunden
260 _c1960
650 _aENGLISH LITERATURE
942 _hO:1M09x, K0
_cTEXL
_2cc
999 _c1059217
_d1059217